000 00856nam a2200217Ia 4500
999 _c40122
_d40122
001 6728
003 GE_BSU
005 20191211174254.0
008 181216s1990||||ge |||||||||||||| ||geo||
040 _cGE_BSU
041 _ageo
080 _a821.353.1-1 გ-30
100 _aგელაშვილი, ნიკა.
_95786
245 _aგოგომ ღიმილი მაჩუქა :
_bლექსები /
_cნიკა გელაშვილი ; რედ. ლია შარვაშიძე.
264 _aთბილისი :
_bმერანი,
_c1990.
300 _a134 გვ. ;
_bფოტო,
_c15 სმ.
653 _aგოგომ ღიმილი მაჩუქა
653 _aლექსები
700 _aშარვაშიძე, ლია
_eრედაქტორი
_95787
942 _cBK
_2udc